000 00909nam a2200217Ii 4500
003 JO-AjNU
008 230605s9999||||xx |||||||||||||| ||und||
017 _a2011/4/1613
040 _aJO-AjNU
_bara
_erda
_cJO-AjNU
041 _aara
050 1 4 _aLC94.J6.W87 2011
100 3 _aتاليف الوريكات، جمال محمد مفضي ، م.مشارك عبد الفتاح،محمد زين العابدين ، م.مشارك دعيس،عبد الرحيم محمد حافظ ,
_eauthor
_948516
245 0 0 _aدور المجالس النيابية في صنع السياسة التعليمية: دراسة مقارنة - البرلمان الأردني
250 _aط1
264 3 1 _aعمان:دار الثقافة،2011
300 _a350ص
336 _atext
_btxt
_2rdacontent
337 _aunmediated
_bn
_2rdamedia
338 _avolume
_bnc
_2rdacarrier
650 4 _aالمجتمع المدني
_948517
999 _aA21252
_c24820
_d24820